=LDR 00000nam 2200000 4500 =001 INLIS000000000061857 =005 20221212073245 =035 ##$$a 0010-1222000019 =007 ta =008 221212###########################0#ind## =020 ##$$a 979-95850-1-5 =082 ##$$a 324.609 598 =084 ##$$a 324.609 598 Tra t =245 ##$$a Transisi Demokrasi : $b Evaluasi Kritis Penyelenggaraan Pemilu 1999 =260 ##$$a Jakarta :$b Komite Independen Pemantau Pemilu,$c 1999 =300 ##$$a 253 halaman ; $c 21 cm =650 #4$$a Pemilihan Umum - Indonesia =990 ##$$a 28462846